Boo: aventuras en el campo:Boo: Country Adventures (Record no. 849)
[ view plain ]
| 000 -LEADER | |
|---|---|
| campo de control de longitud fija | 00258nam a2200097Ia 4500 |
| 005 - FECHA Y HORA DE LA ÚLTIMA TRANSACCIÓN | |
| campo de control | 20251222114341.0 |
| 008 - DATOS DE LONGITUD FIJA--INFORMACIÓN GENERAL | |
| campo de control de longitud fija | 251222s1900||||xx |||||||||||||| ||spa|| |
| 082 ## - NÚMERO DE LA CLASIFICACIÓN DECIMAL DEWEY | |
| Número de clasificación | DVD0112/L22/2005/Ej.2 |
| 245 #0 - MENCIÓN DEL TÍTULO | |
| Título | Boo: aventuras en el campo:Boo: Country Adventures |
| 942 ## - ELEMENTOS DE ENTRADA SECUNDARIOS (KOHA) | |
| Tipo de ítem Koha | Material audiovisual |
| Estatus retirado | Estado de pérdida | Estado de daño | No para préstamo | Biblioteca de origen | Biblioteca actual | Ubicación en estantería | Fecha de adquisición | Total de préstamos | Signatura topográfica completa | Código de barras | Visto por última vez | Precio de reemplazo | Tipo de ítem Koha |
|---|---|---|---|---|---|---|---|---|---|---|---|---|---|
| Biblioteca Central | Biblioteca Central | Programa | 22/12/2025 | DVD0112/L22/2005/Ej.2 | 0003711 | 22/12/2025 | 22/12/2025 | Material audiovisual |
